<?xml version="1.0" encoding="UTF-8"?>
<record
    xmlns:xsi="http://www.w3.org/2001/XMLSchema-instance"
    xsi:schemaLocation="http://www.loc.gov/MARC21/slim http://www.loc.gov/standards/marcxml/schema/MARC21slim.xsd"
    xmlns="http://www.loc.gov/MARC21/slim">

  <leader>02823cam a2200433 a 4500</leader>
  <controlfield tag="001">0004599432</controlfield>
  <controlfield tag="003">OSt</controlfield>
  <controlfield tag="005">20260609201152.0</controlfield>
  <controlfield tag="007">ta</controlfield>
  <controlfield tag="008">131031t20132014fr            000 f fre  </controlfield>
  <datafield tag="020" ind1=" " ind2=" ">
    <subfield code="a">9782749920870 :</subfield>
    <subfield code="c">27,95 $</subfield>
  </datafield>
  <datafield tag="024" ind1="3" ind2=" ">
    <subfield code="a">9782749920870</subfield>
  </datafield>
  <datafield tag="040" ind1=" " ind2=" ">
    <subfield code="a">SDM</subfield>
    <subfield code="b">fre</subfield>
    <subfield code="d">SQTD</subfield>
    <subfield code="d">QMBND</subfield>
  </datafield>
  <datafield tag="082" ind1="0" ind2="5">
    <subfield code="a">S 7368pbd</subfield>
    <subfield code="b">S 7368pbd</subfield>
    <subfield code="2">23</subfield>
  </datafield>
  <datafield tag="091" ind1="0" ind2=" ">
    <subfield code="a">Sparks</subfield>
  </datafield>
  <datafield tag="100" ind1="1" ind2=" ">
    <subfield code="a">Sparks, Nicholas</subfield>
  </datafield>
  <datafield tag="245" ind1="1" ind2="3">
    <subfield code="a">Le plus beau des chemins /</subfield>
    <subfield code="c">Nicholas Sparks ; traduit de l'anglais (&#xC9;tats-Unis) par Sylvie Del Cotto.</subfield>
  </datafield>
  <datafield tag="260" ind1=" " ind2=" ">
    <subfield code="a">Neuilly-sur-Seine :</subfield>
    <subfield code="b">M. Lafon,</subfield>
    <subfield code="c">2013, c2014.</subfield>
  </datafield>
  <datafield tag="300" ind1=" " ind2=" ">
    <subfield code="a">446 p. ;</subfield>
    <subfield code="c">24 cm.</subfield>
  </datafield>
  <datafield tag="500" ind1=" " ind2=" ">
    <subfield code="a">&#xEF;&#xBF;&#xBD;d. originale, 2013.</subfield>
  </datafield>
  <datafield tag="520" ind1=" " ind2=" ">
    <subfield code="a">Coinc&#xE9; dans sa voiture apr&#xE8;s un accident de la route, Ira Levinson, un homme &#xE2;g&#xE9; de 90 ans, attend d&#xE9;sesp&#xE9;r&#xE9;ment qu'on vienne le secourir. Sur cette route isol&#xE9;e, il n'y a pas &#xE2;me qui vive. Pendant ce temps, Ruth, celle qu'il a aim&#xE9; tout au long de sa vie et qui a disparu il y a neuf ans, revient le hanter. Ils ont v&#xE9;cu d'intenses joies mais ont aussi &#xE9;t&#xE9; confront&#xE9;s &#xE0; un chagrin ind&#xE9;l&#xE9;bile : l'incapacit&#xE9; d'avoir des enfants &#xE0; cause d'une blessure de guerre. Pour combler ce vide, ils sont devenus des collectionneurs d'art&#x2026; Depuis la mort de sa bien-aim&#xE9;e, Ira erre sans but.
Sophia, une jeune &#xE9;tudiante en histoire de l'art, et Luke, un s&#xE9;duisant cow-boy, que tout oppose, tombent amoureux l'un de l'autre. Chacun &#xE0; des aspirations et des r&#xEA;ves radicalement diff&#xE9;rents. Le jeune homme doit batailler pour sauver le ranch de sa famille au bord de la faillite. Sophia doit se remettre d'une relation qui l'a bris&#xE9;e.
Par un concours de circonstances, la route du jeune couple va croiser celle d'Ira. Ensemble, ils vont apprendre &#xE0; panser leurs peines pour emprunter enfin le plus beau des chemins.</subfield>
  </datafield>
  <datafield tag="534" ind1=" " ind2=" ">
    <subfield code="p">Titre original:</subfield>
    <subfield code="t">The longest ride.</subfield>
  </datafield>
  <datafield tag="648" ind1=" " ind2="7">
    <subfield code="a">2011.</subfield>
    <subfield code="2">rvmfast</subfield>
  </datafield>
  <datafield tag="648" ind1=" " ind2="7">
    <subfield code="a">2010-2019.</subfield>
    <subfield code="2">rvmfast</subfield>
  </datafield>
  <datafield tag="650" ind1=" " ind2="6">
    <subfield code="a">Relations entre hommes et femmes</subfield>
    <subfield code="v">Romans, nouvelles, etc.</subfield>
  </datafield>
  <datafield tag="650" ind1=" " ind2="6">
    <subfield code="a">&#xEF;&#xBF;&#xBD;v&#xEF;&#xBF;&#xBD;nements stressants de la vie</subfield>
    <subfield code="v">Romans, nouvelles, etc.</subfield>
  </datafield>
  <datafield tag="650" ind1=" " ind2="6">
    <subfield code="a">&#xEF;&#xBF;&#xBD;tudiants</subfield>
    <subfield code="v">Romans, nouvelles, etc.</subfield>
  </datafield>
  <datafield tag="650" ind1=" " ind2="6">
    <subfield code="a">Cowboys</subfield>
    <subfield code="v">Romans, nouvelles, etc.</subfield>
  </datafield>
  <datafield tag="650" ind1=" " ind2="6">
    <subfield code="a">Veufs</subfield>
    <subfield code="v">Romans, nouvelles, etc.</subfield>
  </datafield>
  <datafield tag="650" ind1=" " ind2="6">
    <subfield code="a">Victimes d'accidents de la route</subfield>
    <subfield code="v">Romans, nouvelles, etc.</subfield>
  </datafield>
  <datafield tag="650" ind1=" " ind2="6">
    <subfield code="a">Couples non mari&#xEF;&#xBF;&#xBD;s</subfield>
    <subfield code="v">Romans, nouvelles, etc.</subfield>
  </datafield>
  <datafield tag="650" ind1=" " ind2="6">
    <subfield code="a">Attraction interpersonnelle</subfield>
    <subfield code="v">Romans, nouvelles, etc.</subfield>
  </datafield>
  <datafield tag="650" ind1=" " ind2="6">
    <subfield code="a">&#xEF;&#xBF;&#xBD;tudiantes</subfield>
    <subfield code="v">Romans, nouvelles, etc.</subfield>
  </datafield>
  <datafield tag="651" ind1=" " ind2="6">
    <subfield code="a">&#xEF;&#xBF;&#xBD;tats-Unis</subfield>
    <subfield code="v">Romans, nouvelles, etc.</subfield>
  </datafield>
  <datafield tag="655" ind1=" " ind2="7">
    <subfield code="a">Romans am&#xEF;&#xBF;&#xBD;ricains</subfield>
    <subfield code="y">21e si&#xEF;&#xBF;&#xBD;cle</subfield>
    <subfield code="2">local</subfield>
  </datafield>
  <datafield tag="655" ind1=" " ind2="7">
    <subfield code="a">Romans sentimentaux</subfield>
    <subfield code="2">rvmgf</subfield>
  </datafield>
  <datafield tag="942" ind1=" " ind2=" ">
    <subfield code="2">ddc</subfield>
    <subfield code="c">ROM ADULTE</subfield>
  </datafield>
  <datafield tag="999" ind1=" " ind2=" ">
    <subfield code="c">18885</subfield>
    <subfield code="d">18885</subfield>
  </datafield>
  <datafield tag="952" ind1=" " ind2=" ">
    <subfield code="0">0</subfield>
    <subfield code="1">0</subfield>
    <subfield code="2">ddc</subfield>
    <subfield code="4">0</subfield>
    <subfield code="7">0</subfield>
    <subfield code="a">HENRYVILLE</subfield>
    <subfield code="b">HENRYVILLE</subfield>
    <subfield code="d">2026-06-09</subfield>
    <subfield code="l">0</subfield>
    <subfield code="o">S 7368pbd</subfield>
    <subfield code="p">30001030039053</subfield>
    <subfield code="r">2026-06-09 20:14:17</subfield>
    <subfield code="w">2026-06-09</subfield>
    <subfield code="y">ROM ADULTE</subfield>
  </datafield>
</record>
